00799nam a22002177a 450000500170000001000150001702000110003203500140004303700130005708200110007010000330008124500470011426000420016127000680020330000300027150000750030170000320037694200250040899900190043395201290045220240520151737.0 aENG-140381 c500.00 aEN-123913 bDBAD/PUB a583.09 aBhat, K. Gopalkrishna966485 aPalms Of Karnataka/c K. Gopalkrishna Bhat aKarnatakabK. Gopalkrishna Bhatc2011 a'Madhuca', Srinivasa Nagara, Chitpady, Udupi- 576101bKarnataka a93p.c24cm(pbk)bPictures aGlossary, References, Index To Scientific Names, Index To Common Names 966432aBhat, K.Gopalkrishna 2ddccENmBHAh583.09 c203031d203031 001040708NFICaBNbBNd2024-05-20eDBADg500.00l0oBHA 583.09pEN-123913r2024-05-20 00:00:00t1v500.00w2024-05-20yEN